The study of community forestry management in snampreah commune bakan district pursat province, សិក្សាការគ្រប់គ្រងសហគមន៍ព្រៃឈើនៅឃុំស្នាមព្រះ ស្រុកបាកាន ខេត្តពោធិ៍សាត់ (Record no. 3188)

000 -LEADER
fixed length control field 00658nam a22001577a 4500
003 - CONTROL NUMBER IDENTIFIER
control field OSt
005 - DATE AND TIME OF LATEST TRANSACTION
control field 20151106155427.0
008 - FIXED-LENGTH DATA ELEMENTS--GENERAL INFORMATION
fixed length control field 151105b xxu||||| |||| 00| 0 eng d
040 ## - CATALOGING SOURCE
Transcribing agency RUA
082 ## - DEWEY DECIMAL CLASSIFICATION NUMBER
Classification number FOR UN 2000 B126 Or.1
100 ## - MAIN ENTRY--PERSONAL NAME
9 (RLIN) 3418
Personal name UN, PISEY.
245 ## - TITLE STATEMENT
Title The study of community forestry management in snampreah commune bakan district pursat province, សិក្សាការគ្រប់គ្រងសហគមន៍ព្រៃឈើនៅឃុំស្នាមព្រះ ស្រុកបាកាន ខេត្តពោធិ៍សាត់
260 ## - PUBLICATION, DISTRIBUTION, ETC. (IMPRINT)
Place of publication, distribution, etc. Phnom Penh
Name of publisher, distributor, etc. RUA
Date of publication, distribution, etc. 2000
300 ## - PHYSICAL DESCRIPTION
Extent 63p.
Other physical details ill.
Dimensions 29cm.
942 ## - ADDED ENTRY ELEMENTS (KOHA)
Source of classification or shelving scheme
Koha item type FOR
Holdings
Price effective from Date last seen Permanent Location Not for loan Date acquired Source of classification or shelving scheme Koha item type Lost status Withdrawn status Date last checked out Total Checkouts Shelving location Damaged status Barcode Current Location Full call number
2015-11-052025-01-14Library Block B 2015-11-05 FOR  2025-01-081B126 RUA032446Library Block BFOR UN 2000 B126 Or.1
2015-11-062016-10-14Library Block B 2015-11-06 FOR  2016-10-072B126 RUA002404Library Block BFOR UN 2000 B126 Or.2
មជ្ឈមណ្ឌលឯការនៃសាកលវិទ្យាល័យភូមិន្ទកសិកម្មចំការដូង

Powered by Koha